Statistiques concernant Culture Générale - Série 807

Cliquez ici pour prendre le quiz!

Statistiques générales

  • Ce quiz a été pris 124 fois
  • Le résultat moyen est 4 sur 10

Statistiques - réponses

QuestionRéponse% Correct
Le sigle O.M.S. signifie: Organisation Mondiale de la ...Santé
97%
De 1975 à 1990, quel signe typographique a donné son nom à une émission littéraire animée par Bernard Pivot ?apostrophe
74%
Quel nom porte le chamois des Pyrénées ?isard
54%
Quel autre nom désigne le nombril ?ombilic
52%
Quel gaz mortel a été utilisé en Syrie en 2013 ?sarin
46%
A quel ancien ministre d'Etat, la journaliste Béatrice Schönberg est-elle mariée depuis 2005 ?Jean Louis Borloo
34%
Au début des années 70, quel chanteur comique revêtu d'un uniforme de soldat interprétait "Je ne suis pas bien portant" ?Gaston Ouvrard
14%
A quelle famille d'oiseaux appartient le sirli ?alouette
4%
Quelle ville est considérée comme la capitale viticole du Bas-Rhin ?Barr
4%
Vent chaud et sec qui souffle de l'est et du nord-est sur le Sahara et l'Afrique occidentale.harmattan
3%

Distribution des résultats

Percentile par nombre de réponses

% des personnes avec chaque résultat

Votre développement - résultats

Vous n’avez pas pris ce quiz